Propuesta de plan de intervención en materia de higiene y seguridad del trabajo en el área de producción de la vidriera F. Morales
El presente estudio está enfocado en la elaboración de un plan de intervención en materia de higiene y seguridad del trabajo en el área de producción, se presenta un conjunto de medidas para controlar los accidentes y enfermedades profesionales que pudieran provocarse debido a los diferentes ri...
| Main Authors: | , , |
|---|---|
| Other Authors: | |
| Format: | Tesis Section = Libro |
| Language: | Undetermined Spanish |
| Published: |
Managua
UNI
2011
|
| Subjects: |
| LEADER | 01264nam a2200265Ia 4500 | ||
|---|---|---|---|
| 008 | 240830s9999 xx 000 0 und d | ||
| 040 | |a BIBLIOTECA-RUPAP Mon 658.408 P339 | ||
| 041 | |a spa | ||
| 082 | |a Mon 658.408 P339 | ||
| 100 | 1 | |a Pavón Reyes, Celene Margarita | |
| 100 | 1 | |b García Maltez, Nora Massiel | |
| 100 | 1 | |c Uriarte Salgado, Shirley del Socorro | |
| 245 | 1 | 0 | |a Propuesta de plan de intervención en materia de higiene y seguridad del trabajo en el área de producción de la vidriera F. Morales |
| 260 | |a Managua |b UNI |c 2011 | ||
| 300 | |a 217 p. :il. | ||
| 500 | |a Contiene: anexos e Incluye: CD. | ||
| 502 | |a Tesis (Ingeniero Industrial)- UNI, 2011. | ||
| 520 | 3 | |a El presente estudio está enfocado en la elaboración de un plan de intervención en materia de higiene y seguridad del trabajo en el área de producción, se presenta un conjunto de medidas para controlar los accidentes y enfermedades profesionales que pudieran provocarse debido a los diferentes riesgos presentados en la empresa. | |
| 650 | 7 | |a SEGURIDAD INDUSTRIAL | |
| 650 | 7 | |b SEÑALES DE SEGURIDAD INDUSTRIAL | |
| 650 | 7 | |c PREVENCION DE ACCIDENTES | |
| 700 | 1 | |a Tutor: |b Gutiérrez Martínez, Marbel Evaristo | |
| 942 | |c BK |2 ddc | ||
| 991 | |a TESIS | ||
| 999 | |c 17424 | ||